[Event "4th Memorial Warakomska-B 2020"]
[Site "Suwalki"]
[Date "2020.08.07"]
[Round "1.9"]
[White "Krzyszkowiak, Bozena"]
[Black "Wierzbicki, Michal"]
[Result "0-1"]
[WhiteElo "1287"]
[BlackElo "1849"]
[Annotator "NA RC"]
[PlyCount "126"]
[EventDate "2020.08.06"]
[EventType "swiss"]
[EventCountry "POL"]
[SourceTitle "playchess.com"]
[Source "ChessBase"]
[SourceQuality "1"]
[TimeControl "40/5400+30:1800+30"]

1. e4 {[%emt 0:00:00]} e6 {[%emt 0:00:00]} 2. Nf3 {[%emt 0:00:00]} d5 {[%emt 0:00:00]} 3. exd5 {[%emt 0:00:44]} exd5 {[%emt 0:00:00]} 4. Be2 {[%emt 0:00:33]} Bd6 {[%emt 0:01:00]} 5. d4 {[%emt 0:01:13]} Ne7 {[%emt 0:04:50]} 6. O-O Bf5 7. a3 {[%emt 0:02:04]} O-O {[%emt 0:04:35]} 8. Nc3 {[%emt 0:00:18]} c6 {[%emt 0:01:59]} 9. h3 {[%emt 0:02:43]} Ng6 {[%emt 0:03:43]} 10. Bd3 {[%emt 0:01:10]} Qd7 {[%emt 0:03:47]} 11. Bxf5 {[%emt 0:01:50]} Qxf5 {[%emt 0:00:04]} 12. Re1 {[%emt 0:02:50]} Na6 {[%emt 0:01:28]} 13. Be3 {[%emt 0:00:47]} Nc7 {[%emt 0:03:17]} 14. Qd2 {[%emt 0:02:05]} b5 {[%emt 0:15:51]} 15. Rad1 {[%emt 0:00:48]} b4 {[%emt 0:03:59]} 16. axb4 {[%emt 0:01:43]} Bxb4 {[%emt 0:00:33]} 17. Qd3 {[%emt 0:00:13]} Qd7 {[%emt 0:20:35]} 18. Bd2 {[%emt 0:01:42]} Ne6 {[%emt 0:08:20]} 19. Ne2 {[%emt 0:01:56]} Bd6 {[%emt 0:02:14]} 20. c3 {[%emt 0:02:15]} Rfb8 {[%emt 0:02:12]} 21. b4 {[%emt 0:01:05]} a5 {[%emt 0:00:25]} 22. bxa5 {[%emt 0:00:59]} Rxa5 {[%emt 0:00:13]} 23. Rb1 {[%emt 0:02:54]} Rba8 {[%emt 0:01:14]} 24. c4 {[%emt 0:03:35]} Ra3 {[%emt 0:00:46]} 25. Qc2 {[%emt 0:02:55]} Ra2 {[%emt 0:14:56]} 26. Rb2 {[%emt 0:02:41]} Rxb2 {[%emt 0:01:23]} 27. Qxb2 {[%emt 0:00:02]} dxc4 {[%emt 0:00:19]} 28. Qc2 {[%emt 0:02:11]} c5 {[%emt 0:01:29]} 29. dxc5 {[%emt 0:01:19]} Bxc5 {[%emt 0:00:28]} 30. Qxc4 {[%emt 0:01:23]} Qa7 {[%emt 0:03:31]} 31. Rf1 {[%emt 0:01:12]} Rd8 {[%emt 0:00:46]} 32. Qc3 {[%emt 0:01:24]} Qa6 {[%emt 0:01:29]} 33. Nc1 {[%emt 0:02:28]} Ne7 {[%emt 0:00:32]} 34. Be3 {[%emt 0:00:44]} Nd5 {[%emt 0:00:27]} 35. Qd3 {[%emt 0:00:34]} Qxd3 {[%emt 0:00:28]} 36. Nxd3 {[%emt 0:00:02]} Bxe3 {[%emt 0:00:35]} 37. fxe3 {[%emt 0:00:47]} Nxe3 {[%emt 0:00:04]} 38. Rc1 {[%emt 0:02:02]} Rxd3 {[%emt 0:00:12]} 39. Ng5 {[%emt 0:01:02]} Rd1+ {[%emt 0:01:01]} 40. Rxd1 {[%emt 0:00:00]} Nxd1 {[%emt 0:00:00]} 41. Ne4 {[%emt 0:00:45]} Ne3 {[%emt 0:00:58]} 42. Kf2 {[%emt 0:00:11]} Nc4 {[%emt 0:00:10]} 43. Kf3 {[%emt 0:00:36]} f5 {[%emt 0:00:19]} 44. Nc3 {[%emt 0:00:38]} g5 {[%emt 0:01:39]} 45. Nd5 {[%emt 0:00:24]} Kf7 {[%emt 0:00:29]} 46. g3 {[%emt 0:01:07]} Nd4+ {[%emt 0:00:37]} 47. Kf2 {[%emt 0:00:54]} Ke6 {[%emt 0:00:12]} 48. Nc3 {[%emt 0:00:28]} Ke5 {[%emt 0:00:12]} 49. Nd1 {[%emt 0:00:53]} h5 {[%emt 0:00:46]} 50. Nc3 {[%emt 0:00:13]} Nd6 {[%emt 0:00:17]} 51. Nd1 {[%emt 0:01:10]} Ne4+ {[%emt 0:00:15]} 52. Kg2 {[%emt 0:00:57]} f4 {[%emt 0:02:54]} 53. g4 {[%emt 0:01:54]} hxg4 {[%emt 0:00:12]} 54. hxg4 {[%emt 0:00:02]} f3+ {[%emt 0:00:06]} 55. Kf1 {[%emt 0:00:33]} Ne2 {[%emt 0:00:37]} 56. Nf2 Nxf2 57. Kxf2 Kf4 58. Kf1 {[%emt 0:02:13]} Ke3 {[%emt 0:01:10]} 59. Ke1 f2+ 60. Kf1 {[%emt 0:01:30]} Ng3+ {[%emt 0:00:35]} 61. Kg2 f1=Q+ 62. Kh2 Qf3 63. Kg1 Qh1# 0-1

[Event "4th Memorial Warakomska-B 2020"]
[Site "Suwalki"]
[Date "2020.08.07"]
[Round "1.10"]
[White "Kaminski, Maciej"]
[Black "Jaszczuk, Piotr"]
[Result "1-0"]
[WhiteElo "1869"]
[BlackElo "1283"]
[Annotator "NA RC"]
[PlyCount "109"]
[EventDate "2020.08.06"]
[EventType "swiss"]
[EventCountry "POL"]
[SourceTitle "playchess.com"]
[Source "ChessBase"]
[SourceQuality "1"]
[TimeControl "40/5400+30:1800+30"]

1. e4 {[%emt 0:00:00]} c5 {[%emt 0:00:00]} 2. Nf3 {[%emt 0:00:00]} e6 {[%emt 0:00:00]} 3. d4 {[%emt 0:00:00]} cxd4 {[%emt 0:00:00]} 4. Nxd4 {[%emt 0:00:00]} a6 {[%emt 0:00:13]} 5. Bd3 {[%emt 0:00:14]} Nf6 {[%emt 0:00:48]} 6. O-O {[%emt 0:00:14]} Qc7 {[%emt 0:00:15]} 7. Qe2 {[%emt 0:00:10]} b5 {[%emt 0:00:47]} 8. a4 {[%emt 0:08:48]} bxa4 {[%emt 0:01:46]} 9. Rxa4 {[%emt 0:02:15]} Bb7 {[%emt 0:01:54]} 10. c4 {[%emt 0:06:03]} h5 {[%emt 0:03:16]} 11. h3 {[%emt 0:08:15]} Bc5 {[%emt 0:04:38]} 12. Nf3 {[%emt 0:18:07]} Ng4 {[%emt 0:01:22]} 13. b4 {[%emt 0:05:21]} Bd4 {[%emt 0:02:12]} 14. Bb2 {[%emt 0:01:46]} Nc6 {[%emt 0:01:50]} 15. Nc3 {[%emt 0:15:51]} Qg3 {[%emt 0:05:41]} 16. Nb5 {[%emt 0:05:10]} Bxf2+ {[%emt 0:07:43]} 17. Rxf2 {[%emt 0:02:31]} Nxf2 {[%emt 0:00:45]} 18. Qxf2 {[%emt 0:03:57]} Qxf2+ {[%emt 0:00:22]} 19. Kxf2 {[%emt 0:00:05]} axb5 {[%emt 0:00:13]} 20. Rxa8+ {[%emt 0:00:09]} Bxa8 {[%emt 0:00:11]} 21. cxb5 {[%emt 0:00:39]} Nxb4 {[%emt 0:00:32]} 22. Bb1 {[%emt 0:00:33]} O-O {[%emt 0:01:48]} 23. Nd4 {[%emt 0:04:23]} Rc8 {[%emt 0:01:22]} 24. Ke3 {[%emt 0:02:01]} d5 {[%emt 0:02:24]} 25. e5 {[%emt 0:00:36]} Rc4 {[%emt 0:04:11]} 26. g4 {[%emt 0:00:49]} hxg4 {[%emt 0:00:59]} 27. hxg4 {[%emt 0:00:01]} Kf8 {[%emt 0:01:01]} 28. g5 {[%emt 0:05:35]} g6 {[%emt 0:00:43]} 29. b6 {[%emt 0:01:50]} Nc6 {[%emt 0:07:14]} 30. Nb5 {[%emt 0:03:16]} Kg8 {[%emt 0:00:54]} 31. Bd3 {[%emt 0:02:30]} Rb4 {[%emt 0:03:00]} 32. Ba3 {[%emt 0:00:08]} Rb3 {[%emt 0:01:16]} 33. Bd6 {[%emt 0:01:24]} Na5 {[%emt 0:01:21]} 34. Kd4 {[%emt 0:00:46]} Nc6+ {[%emt 0:01:25]} 35. Ke3 {[%emt 0:00:17]} Nb4 {[%emt 0:00:39]} 36. Bxb4 {[%emt 0:00:03]} Rxb4 {[%emt 0:00:10]} 37. Kd2 {[%emt 0:00:56]} Bc6 {[%emt 0:00:41]} 38. Kc3 {[%emt 0:00:27]} Rg4 {[%emt 0:01:12]} 39. Nd6 {[%emt 0:00:45]} Rxg5 {[%emt 0:00:50]} 40. Bb5 {[%emt 0:00:00]} Ba8 {[%emt 0:00:00]} 41. Kd4 {[%emt 0:05:17]} Rg4+ {[%emt 0:03:13]} 42. Kc5 {[%emt 0:02:37]} d4 {[%emt 0:01:10]} 43. Bc6 {[%emt 0:03:47]} Bxc6 {[%emt 0:00:12]} 44. Kxc6 {[%emt 0:00:02]} d3 {[%emt 0:00:11]} 45. b7 {[%emt 0:00:27]} Rb4 {[%emt 0:00:41]} 46. Nb5 {[%emt 0:00:08]} Kg7 {[%emt 0:01:42]} 47. b8=Q {[%emt 0:00:11]} d2 {[%emt 0:00:36]} 48. Qd6 {[%emt 0:01:12]} Rb2 {[%emt 0:00:26]} 49. Na3 {[%emt 0:00:43]} Ra2 {[%emt 0:00:40]} 50. Nc4 {[%emt 0:02:48]} Ra6+ {[%emt 0:01:04]} 51. Nb6 {[%emt 0:00:03]} Ra2 {[%emt 0:00:36]} 52. Qd3 {[%emt 0:02:42]} g5 {[%emt 0:02:40]} 53. Nc4 {[%emt 0:00:09]} Ra6+ {[%emt 0:00:36]} 54. Kb5 {[%emt 0:00:09]} Ra2 {[%emt 0:00:35]} 55. Nxd2 {[%emt 0:00:07]} 1-0

[Event "4th Memorial Warakomska-B 2020"]
[Site "Suwalki"]
[Date "2020.08.07"]
[Round "1.11"]
[White "Wardziak, Ewa"]
[Black "Milewski, Karol"]
[Result "0-1"]
[WhiteElo "1280"]
[BlackElo "1795"]
[Annotator "NA RC"]
[PlyCount "54"]
[EventDate "2020.08.06"]
[EventType "swiss"]
[EventCountry "POL"]
[SourceTitle "playchess.com"]
[Source "ChessBase"]
[SourceQuality "1"]
[TimeControl "40/5400+30:1800+30"]

1. e4 {[%emt 0:00:00]} e6 {[%emt 0:00:00]} 2. Nf3 {[%emt 0:00:00]} d5 {[%emt 0:01:12]} 3. Nc3 {[%emt 0:00:19]} Nf6 {[%emt 0:01:01]} 4. d3 {[%emt 0:00:26]} dxe4 {[%emt 0:02:19]} 5. dxe4 {[%emt 0:01:22]} Qxd1+ {[%emt 0:00:39]} 6. Nxd1 {[%emt 0:00:03]} Nxe4 {[%emt 0:01:26]} 7. Bd3 {[%emt 0:00:31]} Nc5 {[%emt 0:02:45]} 8. Bc4 {[%emt 0:03:05]} Nc6 {[%emt 0:05:29]} 9. a3 {[%emt 0:00:53]} a6 {[%emt 0:03:49]} 10. b4 {[%emt 0:01:11]} Ne4 {[%emt 0:01:54]} 11. O-O {[%emt 0:00:32]} Be7 {[%emt 0:01:47]} 12. Re1 {[%emt 0:01:54]} Nd6 {[%emt 0:02:51]} 13. Bd3 {[%emt 0:00:48]} Bf6 {[%emt 0:02:25]} 14. Bb2 {[%emt 0:01:03]} b5 {[%emt 0:06:43]} 15. Bxf6 {[%emt 0:03:25]} gxf6 {[%emt 0:00:18]} 16. Ne3 {[%emt 0:00:39]} O-O {[%emt 0:04:32]} 17. Ng4 {[%emt 0:03:07]} Kg7 {[%emt 0:03:08]} 18. Rac1 {[%emt 0:06:20]} e5 {[%emt 0:05:11]} 19. Nd2 {[%emt 0:03:26]} Bxg4 {[%emt 0:00:21]} 20. Ne4 {[%emt 0:00:57]} Be6 {[%emt 0:05:30]} 21. Re3 {[%emt 0:01:38]} Ne7 {[%emt 0:08:18]} 22. Ng3 {[%emt 0:04:35]} Nd5 {[%emt 0:05:24]} 23. Rf3 {[%emt 0:06:32]} Bg4 {[%emt 0:02:38]} 24. Nf5+ {[%emt 0:08:22]} Nxf5 {[%emt 0:00:43]} 25. Rxf5 {[%emt 0:01:03]} Bxf5 {[%emt 0:00:09]} 26. Bxf5 {[%emt 0:00:06]} Nc3 {[%emt 0:00:26]} 27. Re1 {[%emt 0:00:24]} Rad8 {[%emt 0:00:18]} 0-1

[Event "4th Memorial Warakomska-B 2020"]
[Site "Suwalki"]
[Date "2020.08.07"]
[Round "1.12"]
[White "Milanowski, Jan"]
[Black "Palejko, Maria"]
[Result "1-0"]
[WhiteElo "1787"]
[BlackElo "1218"]
[Annotator "NA RC"]
[PlyCount "71"]
[EventDate "2020.08.06"]
[EventType "swiss"]
[EventCountry "POL"]
[SourceTitle "playchess.com"]
[Source "ChessBase"]
[SourceQuality "1"]
[TimeControl "40/5400+30:1800+30"]

1. e4 {[%emt 0:00:00]} c5 {[%emt 0:00:00]} 2. Nf3 {[%emt 0:01:09]} e6 {[%emt 0:00:55]} 3. c3 {[%emt 0:00:57]} Nc6 {[%emt 0:01:45]} 4. d4 {[%emt 0:01:12]} d5 {[%emt 0:02:19]} 5. e5 {[%emt 0:04:37]} f6 {[%emt 0:01:20]} 6. Bd3 {[%emt 0:03:13]} Qc7 {[%emt 0:07:12]} 7. O-O {[%emt 0:08:08]} fxe5 {[%emt 0:13:32]} 8. Nxe5 {[%emt 0:02:46]} Nf6 {[%emt 0:03:04]} 9. Nxc6 {[%emt 0:38:16]} Qxc6 {[%emt 0:04:02]} 10. Qe2 {[%emt 0:03:54]} c4 {[%emt 0:00:58]} 11. Bc2 {[%emt 0:00:08]} Bd6 {[%emt 0:02:54]} 12. Bg5 {[%emt 0:01:36]} O-O {[%emt 0:01:30]} 13. Nd2 {[%emt 0:00:19]} Bd7 {[%emt 0:10:29]} 14. Nf3 {[%emt 0:00:44]} Rae8 {[%emt 0:02:01]} 15. Ne5 {[%emt 0:00:31]} Qc7 {[%emt 0:02:41]} 16. Rae1 {[%emt 0:06:17]} b5 {[%emt 0:09:15]} 17. Bh4 {[%emt 0:04:20]} a5 {[%emt 0:03:51]} 18. Bb1 {[%emt 0:01:13]} b4 {[%emt 0:07:28]} 19. Qc2 {[%emt 0:01:09]} Bb5 {[%emt 0:03:50]} 20. Re3 {[%emt 0:03:19]} b3 {[%emt 0:02:04]} 21. Qc1 {[%emt 0:00:51]} Bxe5 {[%emt 0:02:18]} 22. Rxe5 {[%emt 0:01:11]} Ng4 {[%emt 0:00:33]} 23. Bg3 {[%emt 0:02:25]} Nxe5 {[%emt 0:00:34]} 24. Bxe5 {[%emt 0:00:02]} Qd7 {[%emt 0:01:10]} 25. a3 {[%emt 0:00:06]} a4 {[%emt 0:04:07]} 26. Qg5 {[%emt 0:00:43]} Rf7 {[%emt 0:02:01]} 27. f4 {[%emt 0:01:48]} Qe7 {[%emt 0:00:47]} 28. Qh5 {[%emt 0:00:34]} g5 {[%emt 0:01:32]} 29. Rf3 {[%emt 0:03:23]} gxf4 {[%emt 0:05:46]} 30. Rh3 {[%emt 0:01:54]} Ba6 {[%emt 0:02:12]} 31. Rh4 {[%emt 0:01:12]} Ra8 {[%emt 0:01:34]} 32. Qh6 {[%emt 0:02:30]} Ra7 {[%emt 0:01:07]} 33. Rg4+ {[%emt 0:01:02]} Rg7 {[%emt 0:00:31]} 34. Bxg7 {[%emt 0:00:43]} Kf7 {[%emt 0:00:45]} 35. Qh5+ {[%emt 0:00:23]} Kg8 {[%emt 0:00:20]} 36. Bxh7# 1-0

[Event "4th Memorial Warakomska-B 2020"]
[Site "Suwalki"]
[Date "2020.08.07"]
[Round "1.13"]
[White "Zapalowska, Wiktoria"]
[Black "Bancarewicz, Aleks"]
[Result "0-1"]
[WhiteElo "1250"]
[BlackElo "1781"]
[Annotator "NA RC"]
[PlyCount "68"]
[EventDate "2020.08.06"]
[EventType "swiss"]
[EventCountry "POL"]
[SourceTitle "playchess.com"]
[Source "ChessBase"]
[SourceQuality "1"]
[TimeControl "40/5400+30:1800+30"]

1. d4 {[%emt 0:00:00]} Nf6 {[%emt 0:00:00]} 2. Bf4 {[%emt 0:00:00]} g6 {[%emt 0:00:19]} 3. e3 {[%emt 0:00:09]} Bg7 {[%emt 0:00:12]} 4. Nf3 {[%emt 0:00:21]} d6 {[%emt 0:01:12]} 5. h3 {[%emt 0:00:15]} O-O {[%emt 0:00:21]} 6. Be2 {[%emt 0:02:43]} b6 {[%emt 0:01:45]} 7. Nbd2 {[%emt 0:01:53]} Bb7 {[%emt 0:00:40]} 8. O-O {[%emt 0:01:06]} Nbd7 {[%emt 0:02:58]} 9. Bh2 {[%emt 0:06:24]} c5 {[%emt 0:10:49]} 10. c3 {[%emt 0:06:30]} a6 {[%emt 0:04:31]} 11. a4 {[%emt 0:01:35]} Qb8 {[%emt 0:07:14]} 12. b4 {[%emt 0:07:04]} Rc8 {[%emt 0:10:58]} 13. Qb3 {[%emt 0:13:20]} cxb4 {[%emt 0:12:51]} 14. cxb4 {[%emt 0:00:30]} Bd5 {[%emt 0:00:43]} 15. Bc4 {[%emt 0:03:55]} Rxc4 {[%emt 0:04:20]} 16. Nxc4 {[%emt 0:06:11]} b5 {[%emt 0:00:10]} 17. axb5 {[%emt 0:03:06]} axb5 {[%emt 0:00:05]} 18. Nfd2 {[%emt 0:08:10]} Rxa1 {[%emt 0:05:10]} 19. Rxa1 {[%emt 0:00:11]} Nb6 {[%emt 0:05:23]} 20. Qa3 {[%emt 0:06:43]} Nxc4 {[%emt 0:01:22]} 21. Nxc4 {[%emt 0:00:12]} Bxc4 {[%emt 0:03:17]} 22. Qa8 {[%emt 0:03:33]} Qxa8 {[%emt 0:00:33]} 23. Rxa8+ {[%emt 0:00:07]} Bf8 {[%emt 0:00:02]} 24. f3 {[%emt 0:01:22]} Nd5 {[%emt 0:00:22]} 25. Bf4 {[%emt 0:02:02]} Kg7 {[%emt 0:01:05]} 26. Kf2 {[%emt 0:03:52]} Nxb4 {[%emt 0:00:11]} 27. Ke1 {[%emt 0:01:02]} Nd3+ {[%emt 0:00:18]} 28. Kd2 {[%emt 0:00:35]} Nxf4 {[%emt 0:00:05]} 29. exf4 {[%emt 0:00:07]} e6 {[%emt 0:00:44]} 30. Rb8 {[%emt 0:01:54]} d5 {[%emt 0:00:05]} 31. g3 {[%emt 0:01:48]} Bb4+ {[%emt 0:00:14]} 32. Kc2 {[%emt 0:00:17]} Be1 {[%emt 0:00:11]} 33. g4 {[%emt 0:00:12]} Bg3 {[%emt 0:00:09]} 34. f5 {[%emt 0:00:10]} Bxb8 {[%emt 0:00:02]} 0-1

[Event "4th Memorial Warakomska-B 2020"]
[Site "Suwalki"]
[Date "2020.08.07"]
[Round "1.14"]
[White "Borowik, Wojciech"]
[Black "Kolcon, Waclaw"]
[Result "1/2-1/2"]
[WhiteElo "1769"]
[BlackElo "1235"]
[Annotator "NA RC"]
[PlyCount "105"]
[EventDate "2020.08.06"]
[EventType "swiss"]
[EventCountry "POL"]
[SourceTitle "playchess.com"]
[Source "ChessBase"]
[SourceQuality "1"]
[TimeControl "40/5400+30:1800+30"]

1. d4 {[%emt 0:01:47]} d5 {[%emt 0:00:00]} 2. Nf3 {[%emt 0:00:57]} Nf6 {[%emt 0:01:15]} 3. c4 {[%emt 0:00:11]} c6 {[%emt 0:00:29]} 4. Nc3 {[%emt 0:05:33]} a6 {[%emt 0:01:31]} 5. e3 {[%emt 0:01:55]} g6 {[%emt 0:05:57]} 6. Bd3 {[%emt 0:01:01]} Bg7 {[%emt 0:02:57]} 7. O-O {[%emt 0:01:03]} O-O {[%emt 0:01:08]} 8. a3 {[%emt 0:01:51]} b5 {[%emt 0:05:53]} 9. b3 {[%emt 0:15:33]} Nbd7 {[%emt 0:12:17]} 10. Bb2 {[%emt 0:04:23]} Re8 {[%emt 0:04:24]} 11. Rc1 {[%emt 0:04:36]} e5 {[%emt 0:07:05]} 12. dxe5 {[%emt 0:08:18]} Ng4 {[%emt 0:04:36]} 13. cxd5 {[%emt 0:22:15]} Ndxe5 {[%emt 0:00:50]} 14. Be2 {[%emt 0:04:15]} cxd5 {[%emt 0:05:25]} 15. Nxe5 {[%emt 0:03:00]} Nxe5 {[%emt 0:02:11]} 16. Qxd5 {[%emt 0:03:41]} Be6 {[%emt 0:01:21]} 17. Qxd8 {[%emt 0:03:44]} Rexd8 {[%emt 0:05:24]} 18. b4 {[%emt 0:11:13]} Bc4 {[%emt 0:04:17]} 19. Rfd1 {[%emt 0:02:39]} Bxe2 {[%emt 0:02:52]} 20. Nxe2 {[%emt 0:01:32]} Nd3 {[%emt 0:00:50]} 21. Bxg7 {[%emt 0:00:28]} Nxc1 {[%emt 0:00:32]} 22. Nd4 {[%emt 0:00:30]} Kxg7 {[%emt 0:03:31]} 23. Rxc1 {[%emt 0:00:07]} Rac8 {[%emt 0:01:34]} 24. Rc5 {[%emt 0:00:32]} Kf8 {[%emt 0:04:26]} 25. Kf1 {[%emt 0:00:13]} Rxc5 {[%emt 0:03:04]} 26. bxc5 {[%emt 0:00:02]} Rc8 {[%emt 0:00:31]} 27. c6 {[%emt 0:00:15]} Ke7 {[%emt 0:00:15]} 28. Ke2 {[%emt 0:00:19]} Kd6 {[%emt 0:01:47]} 29. Kd3 {[%emt 0:00:05]} Kc5 {[%emt 0:03:30]} 30. Kc3 {[%emt 0:01:16]} a5 {[%emt 0:00:33]} 31. Kb3 {[%emt 0:00:31]} Rc7 {[%emt 0:06:46]} 32. Kc3 {[%emt 0:00:41]} Kb6 {[%emt 0:03:08]} 33. Kb3 {[%emt 0:00:30]} f5 {[%emt 0:00:25]} 34. g3 {[%emt 0:01:02]} Rc8 {[%emt 0:02:20]} 35. Kc3 {[%emt 0:00:28]} Rc7 {[%emt 0:00:35]} 36. Kb3 {[%emt 0:00:07]} Ra7 {[%emt 0:00:26]} 37. Kc3 {[%emt 0:00:05]} Kc5 {[%emt 0:01:03]} 38. Kb3 b4 {[%emt 0:01:29]} 39. a4 {[%emt 0:01:24]} Kb6 {[%emt 0:00:46]} 40. Nb5 {[%emt 0:00:00]} Rc7 {[%emt 0:00:00]} 41. Nxc7 {[%emt 0:03:57]} Kxc7 {[%emt 0:01:30]} 42. Kc4 {[%emt 0:01:26]} Kxc6 {[%emt 0:00:03]} 43. Kd4 {[%emt 0:06:23]} Kd6 {[%emt 0:00:45]} 44. f3 {[%emt 0:03:48]} Ke6 {[%emt 0:06:52]} 45. h4 {[%emt 0:09:01]} Kd6 {[%emt 0:05:59]} 46. f4 {[%emt 0:00:55]} Ke6 {[%emt 0:04:07]} 47. Kc4 {[%emt 0:00:21]} Kf6 {[%emt 0:00:27]} 48. Kd4 {[%emt 0:00:22]} h6 {[%emt 0:00:46]} 49. Kc4 {[%emt 0:00:11]} g5 {[%emt 0:00:34]} 50. h5 {[%emt 0:00:38]} gxf4 {[%emt 0:01:55]} 51. exf4 {[%emt 0:01:43]} Ke6 {[%emt 0:00:28]} 52. Kd4 {[%emt 0:00:08]} Kd6 {[%emt 0:01:45]} 53. Kc4 {[%emt 0:00:10]} 1/2-1/2

[Event "4th Memorial Warakomska-B 2020"]
[Site "Suwalki"]
[Date "2020.08.07"]
[Round "2.1"]
[White "Szwaj, Jacek"]
[Black "Kitewski, Bartosz"]
[Result "0-1"]
[WhiteElo "1983"]
[BlackElo "1718"]
[Annotator "ChessBase"]
[PlyCount "132"]
[EventDate "2020.08.06"]
[EventType "swiss"]
[EventCountry "POL"]
[SourceTitle "playchess.com"]
[Source "ChessBase"]
[SourceQuality "1"]
[TimeControl "40/5400+30:1800+30"]

1. e4 {[%emt 0:00:00]} e6 {[%emt 0:00:00]} 2. d4 {[%emt 0:00:09]} d5 {[%emt 0:00:00]} 3. Nd2 {[%emt 0:00:06]} Nf6 {[%emt 0:00:00]} 4. e5 {[%emt 0:01:38]} Nfd7 {[%emt 0:00:12]} 5. Bd3 {[%emt 0:00:09]} c5 {[%emt 0:00:11]} 6. c3 {[%emt 0:00:03]} Nc6 {[%emt 0:01:36]} 7. Ne2 {[%emt 0:00:20]} cxd4 {[%emt 0:00:13]} 8. cxd4 {[%emt 0:00:08]} f6 {[%emt 0:00:07]} 9. exf6 {[%emt 0:02:02]} Nxf6 {[%emt 0:00:11]} 10. Nf3 {[%emt 0:01:35]} Bd6 {[%emt 0:01:26]} 11. O-O {[%emt 0:03:01]} Qc7 {[%emt 0:01:38]} 12. Bg5 {[%emt 0:00:39]} O-O {[%emt 0:01:42]} 13. Bh4 {[%emt 0:03:31]} Bd7 {[%emt 0:12:44]} 14. Bg3 {[%emt 0:01:19]} Rae8 {[%emt 0:08:55]} 15. Rc1 {[%emt 0:04:34]} Nh5 {[%emt 0:10:08]} 16. Qc2 {[%emt 0:06:17]} Nf6 {[%emt 0:10:31]} 17. Ne5 {[%emt 0:02:54]} Rc8 {[%emt 0:04:04]} 18. Qb1 {[%emt 0:08:04]} a6 {[%emt 0:12:33]} 19. a3 {[%emt 0:01:34]} b5 {[%emt 0:03:44]} 20. b4 {[%emt 0:00:23]} Kh8 {[%emt 0:02:45]} 21. Rc3 {[%emt 0:05:01]} Bxe5 {[%emt 0:04:24]} 22. Bxe5 {[%emt 0:02:06]} Qa7 {[%emt 0:00:58]} 23. Bxh7 {[%emt 0:21:53]} Nxe5 {[%emt 0:05:35]} 24. Rh3 {[%emt 0:00:21]} Neg4 {[%emt 0:01:07]} 25. Nf4 {[%emt 0:04:13]} Nh6 {[%emt 0:02:33]} 26. Ng6+ {[%emt 0:13:26]} Kxh7 {[%emt 0:00:08]} 27. Nxf8+ {[%emt 0:00:06]} Kg8 {[%emt 0:00:25]} 28. Rxh6 {[%emt 0:02:40]} gxh6 {[%emt 0:03:18]} 29. Qg6+ {[%emt 0:00:33]} Kxf8 {[%emt 0:00:11]} 30. Qxf6+ {[%emt 0:00:04]} Ke8 {[%emt 0:00:16]} 31. Re1 {[%emt 0:00:35]} Rc4 {[%emt 0:00:56]} 32. Rd1 {[%emt 0:01:22]} Qc7 {[%emt 0:02:05]} 33. Qxh6 {[%emt 0:01:15]} Qd6 {[%emt 0:03:03]} 34. h4 {[%emt 0:04:25]} Qf8 {[%emt 0:01:20]} 35. Qg5 {[%emt 0:00:16]} Qf5 {[%emt 0:00:38]} 36. Qg8+ {[%emt 0:00:47]} Ke7 {[%emt 0:01:16]} 37. Qg3 {[%emt 0:02:58]} Qf6 {[%emt 0:02:32]} 38. Qg5 {[%emt 0:03:48]} Qxg5 {[%emt 0:02:58]} 39. hxg5 {[%emt 0:00:05]} Be8 {[%emt 0:00:29]} 40. f4 {[%emt 0:00:00]} Bg6 {[%emt 0:00:00]} 41. g4 {[%emt 0:01:59]} Be4 {[%emt 0:02:10]} 42. Kh2 {[%emt 0:01:10]} Rc2+ {[%emt 0:02:40]} 43. Kh3 {[%emt 0:00:20]} Rf2 {[%emt 0:00:24]} 44. Rc1 {[%emt 0:03:37]} Kd7 {[%emt 0:04:27]} 45. g6 {[%emt 0:03:54]} Rxf4 {[%emt 0:02:34]} 46. g7 {[%emt 0:00:30]} Bh7 {[%emt 0:00:07]} 47. g5 {[%emt 0:00:16]} Bg8 {[%emt 0:04:44]} 48. g6 {[%emt 0:01:17]} Rf6 {[%emt 0:00:18]} 49. Rg1 {[%emt 0:00:07]} Rf5 {[%emt 0:00:25]} 50. Kg4 {[%emt 0:02:18]} Ke7 {[%emt 0:00:13]} 51. Rc1 {[%emt 0:00:09]} Kf6 {[%emt 0:01:14]} 52. Rc8 {[%emt 0:00:15]} Kxg7 {[%emt 0:00:19]} 53. Rc6 {[%emt 0:00:18]} Kxg6 {[%emt 0:00:37]} 54. Rxa6 {[%emt 0:00:08]} Rf2 {[%emt 0:01:02]} 55. Ra5 {[%emt 0:01:15]} Ra2 {[%emt 0:03:01]} 56. Kf4 {[%emt 0:00:07]} Kf6 {[%emt 0:00:16]} 57. Ke3 {[%emt 0:03:02]} Bh7 {[%emt 0:00:30]} 58. Kf4 {[%emt 0:00:48]} Bd3 {[%emt 0:00:16]} 59. Ra8 {[%emt 0:00:56]} Bc4 {[%emt 0:00:45]} 60. Rf8+ {[%emt 0:00:30]} Ke7 {[%emt 0:00:21]} 61. Ra8 {[%emt 0:00:14]} Rd2 {[%emt 0:01:22]} 62. Kg5 {[%emt 0:00:19]} Rxd4 {[%emt 0:00:27]} 63. Ra7+ {[%emt 0:00:05]} Kd6 {[%emt 0:00:15]} 64. Kf6 {[%emt 0:02:23]} Rf4+ {[%emt 0:00:10]} 65. Kg5 {[%emt 0:00:03]} Ke5 {[%emt 0:00:18]} 66. Ra6 {[%emt 0:00:12]} Re4 {[%emt 0:00:25]} 0-1